कंप्यूटर और हिन्दी / (Record no. 119745)

MARC details
000 -LEADER
fixed length control field 01164nam a22003017a 4500
003 - CONTROL NUMBER IDENTIFIER
control field 0
005 - DATE AND TIME OF LATEST TRANSACTION
control field 20180813113118.0
008 - FIXED-LENGTH DATA ELEMENTS--GENERAL INFORMATION
fixed length control field 0
010 ## - LIBRARY OF CONGRESS CONTROL NUMBER
LC control number B-090587
020 ## - INTERNATIONAL STANDARD BOOK NUMBER
Terms of availability 150.00
International Standard Book Number 8179650499
035 ## - SYSTEM CONTROL NUMBER
System control number B-090587, B-90602
037 ## - SOURCE OF ACQUISITION
Source of stock number/acquisition Cen Lib/Ret
040 ## - CATALOGING SOURCE
Original cataloging agency DPL
Language of cataloging HN
Transcribing agency 0
082 ## - DEWEY DECIMAL CLASSIFICATION NUMBER
Classification number 005.45
Item number हरिमो
100 ## - MAIN ENTRY--PERSONAL NAME
Personal name हरिमोहन
9 (RLIN) 86663
245 ## - TITLE STATEMENT
Title कंप्यूटर और हिन्दी /
Statement of responsibility, etc हरिमोहन
246 ## - VARYING FORM OF TITLE
Title proper/short title Computer aur hindi /
Remainder of title by Harimohan
250 ## - EDITION STATEMENT
Edition statement 5th ed
260 ## - PUBLICATION, DISTRIBUTION, ETC. (IMPRINT)
Place of publication, distribution, etc नई दिल्ली
Name of publisher, distributor, etc तक्षशिला
Date of publication, distribution, etc 2004
270 ## - ADDRESS
City नई दिल्ली
Postal code 110002
Address 23/4761 , अंसारी रोड, दरियागंज
300 ## - PHYSICAL DESCRIPTION
Extent 134पृ.
Dimensions 21सेमी (सजिल्द)
500 ## - GENERAL NOTE
General note परिशिष्ट शामिल
650 ## - SUBJECT ADDED ENTRY--TOPICAL TERM
Topical term or geographic name as entry element सूचना तकनीक और कंप्यूटर
9 (RLIN) 47463
650 ## - SUBJECT ADDED ENTRY--TOPICAL TERM
Topical term or geographic name as entry element कंप्यूटर और हिन्दी
9 (RLIN) 1911
650 ## - SUBJECT ADDED ENTRY--TOPICAL TERM
Topical term or geographic name as entry element Information technology and Computer
9 (RLIN) 86664
650 ## - SUBJECT ADDED ENTRY--TOPICAL TERM
Topical term or geographic name as entry element Computer and Hindi
9 (RLIN) 53513
942 ## - ADDED ENTRY ELEMENTS (KOHA)
Source of classification or shelving scheme Dewey Decimal Classification
Koha item type Hindi Books
Classification part 005.45
Call number suffix हरिमो
Holdings
Withdrawn status Lost status Damaged status Not for loan Home library Current library Date acquired Source of acquisition Cost, normal purchase price Total Checkouts Full call number Barcode Date last seen Date checked out Copy number Cost, replacement price Price effective from Koha item type Source of classification or shelving scheme Collection code
        Central Library Central Library 18/09/2015 Cen Lib/Ret 150.00 2 005.45 हरिमो B-090587 13/01/2018 30/12/2017 1 150.00 18/09/2015 Hindi Books    
        Central Library Central Library 24/10/2016   150.00   005.45 हरिमो B-067947 24/10/2016   2 150.00 24/10/2016 Hindi Books Dewey Decimal Classification  
        Tri Nagar Tri Nagar 13/08/2018 BPPD/PUB 150.00   005.45 हरिमो B-090602 13/08/2018     150.00 13/08/2018 Hindi Books Dewey Decimal Classification Non-fiction

© Delhi Public Library
Hit Counter
free hit counter